| 000 | 00763nam a2200265Ia 4500 | ||
|---|---|---|---|
| 005 | 20220316235608.0 | ||
| 008 | 121119s1998 mx gr 000 0 spa | ||
| 020 | _a9681658140 | ||
| 041 | 0 | _aspa | |
| 082 | 0 | 4 |
_a539.753 _bB84R |
| 100 | 1 | _aBulbulian, Silvia | |
| 245 | 1 | 3 |
_aLa radiactividad _cSilvia Bulbulian |
| 250 | _aPrimera edición | ||
| 300 |
_a121 páginas _c21 cm |
||
| 490 | 0 | _aCiencia para todos | |
| 650 | 1 | 4 |
_aEnergía _2LEMB |
| 650 | 1 | 4 |
_aInvestigaciones _2LEMB |
| 650 | 1 | 4 |
_aRadiactividad _2LEMB |
| 942 |
_2ddc _cBK |
||
| 264 |
_aMéxico _bFondo de Cultura Económica _c1998 |
||
| 336 |
_atexto _btxt _2rdacontent |
||
| 337 |
_asin mediación _bn _2rdamedia |
||
| 338 |
_avolumen _bnc _2rdacarrier |
||
| 040 |
_aCO-BoRNBP _bspa _erda _cCO-BoRNBP |
||
| 999 |
_c1484 _d1484 |
||